Vplyv jednotlivých foriem predaja na nákupné správanie spotrebiteľov bakalárska práca

Guardado en:
Detalles Bibliográficos
Autor principal: Sedláček, Jakub
Autor Corporativo: Obchodná fakulta EU. Katedra marketingu
Otros Autores: Folvarčíková, Lucia, 1982-
Formato: Libro
Lenguaje:eslovaco
Publicado: Bratislava 2015
Etiquetas: Agregar Etiqueta
Sin Etiquetas, Sea el primero en etiquetar este registro!

MARC

LEADER 00000nbm a2200000 4500
001 0203278
005 20161212105830.1
041 0 |a slo 
044 |a SK 
245 1 0 |a Vplyv jednotlivých foriem predaja na nákupné správanie spotrebiteľov  |b bakalárska práca  |c Jakub Sedláček ; školiteľ: Lucia Folvarčíková 
264 1 |a Bratislava  |c 2015 
300 |a 40 s. 
100 1 |a Sedláček, Jakub 
700 1 |a Folvarčíková, Lucia, 1982- 
710 2 |a Obchodná fakulta EU. Katedra marketingu